000
00279nam a2200109Ia 4500
001
1272384
005
20260417151427.0
008
260417s9999 xx 000 0 und d
020
_a
9786255888723
245
0
_a
Uzayda Kaybolan Domates
_c
Elif Sevli Özer
260
_b
Ketebe Çocuk
999
_c
1272384
_d
1272384